000 005650000a22001810004500
003 MACL
005 20160218114200.0
008 160218b xxu||||| |||| 00| 0 eng d
040 _aMACL
_cMACL
041 _aHindi
082 _a320
100 _aर्ध्‍माधिकारी दादा
_938793
245 _aसर्वादय-दर्शन
260 _bअखिल भारत सर्व सेवा संध प्रकाशन
_c1958
_aकाशी
350 _a3
650 _aPolirical Science
_938794
942 _cHIN
_k320
_2ddc
999 _c24844
_d24844